Possesseurs du Haki des Rois - Statistiques

Statistiques générales
  • Ce quiz a été pris 327 fois
  • Le résultat moyen est 14 sur 19
Statistiques - réponses
Statut Possesseurs % Correct
Pire Génération Monkey D. Luffy
99%
Roi des pirates Gol D. Roger
97%
Frère de Luffy Portgas D. Ace
96%
Ancien Yonko Edward Newgate
94%
Yonko Shanks
94%
Ancien Yonko Kaido
91%
Ancien Yonko Charlotte Linlin
90%
Pire Génération Eustass Kid
89%
Pire Génération Roronoa Zoro
86%
Sensei de Luffy Silvers Rayleigh
85%
Second de Yonko Charlotte Katakuri
81%
Ancien Grand Corsaire Doflamingo
78%
Marine Sengoku
76%
Enfant de Yonko Yamato
68%
Épéiste légendaire Kozuki Oden
63%
One Piece Stampede Douglas Bullet
50%
Capitaine Pirate Boa Hancock
47%
Ancien rival de Garp Don Chinjao
44%
Épisode 498 Naguri
9%
Aucun quiz correspondant
Distribution des résultats
% des personnes avec chaque résultat
Percentile par nombre de réponses
Votre historique - résultats
Vous n’avez pas pris ce quiz